Biggest Countries By Land - Statistics

General Stats
  • This quiz has been taken 18 times
  • The average score is 10 of 10
Answer Stats
Hint Answer % Correct
2.968 million m^2 Australia
100%
3.286 million m^2 Brazil
100%
3.855 million m^2 Canada
100%
6.602 million m^2 Russia
100%
3.81 million m^2 United States
100%
905,600 m^2 Algeria
93%
3.705 million m^2 China
93%
1.269 million m^2 India
93%
1.052 million m^2 Kazakhstan
93%
1.074 million m^2 Argentina
86%
No matching quizzes found
Score Distribution
Percent of People with Each Score
Percentile by Number Answered
Your Score History
You have not taken this quiz